QUADERNI, N.030 (1996) - TERRITOIRES ECLATES, LE ROLE DES TECHNOLOGIES DE COMMUNICATION (Record n. 189888)

Dettagli MARC
000 -LEADER
fixed length control field 01137nas a2200253Ia 4500
001 - CONTROL NUMBER
control field R144/E4729
003 - CONTROL NUMBER IDENTIFIER
control field IT-RoPAU
008 - FIXED-LENGTH DATA ELEMENTS--GENERAL INFORMATION
fixed length control field 151124c99999999xx |||||||||||| ||und||
040 ## - CATALOGING SOURCE
Original cataloging agency IT-RoPAU
040 ## - CATALOGING SOURCE
Transcribing agency IT-RoPAU
041 ## - LANGUAGE CODE
Language code of text/sound track or separate title FRANCESE
100 ## - MAIN ENTRY--PERSONAL NAME
Personal name Guillaume Marc
Miscellaneous information Codice Aut. SPICS: 5686
210 ## - ABBREVIATED TITLE
Abbreviated title QUADERNI-LA REVUE DE LA COMMUNICATION
222 ## - KEY TITLE
Key title Quaderni-La Revue De La Communication
245 ## - TITLE STATEMENT
Title QUADERNI, N.030 (1996) - TERRITOIRES ECLATES, LE ROLE DES TECHNOLOGIES DE COMMUNICATION
Remainder of title Societe' Commutative: L'Avenement De L'Homme Spectral
250 ## - EDITION STATEMENT
Edition statement 1a ed.
260 ## - PUBLICATION, DISTRIBUTION, ETC. (IMPRINT)
Place of publication, distribution, etc. PARIS
Name of publisher, distributor, etc. FORMULES EDITO
Date of publication, distribution, etc. 1996
300 ## - PHYSICAL DESCRIPTION
Extent 12 p. [81-92]
362 ## - DATES OF PUBLICATION AND/OR SEQUENTIAL DESIGNATION
Dates of publication and/or sequential designation N.030 (1996) - TERRITOIRES ECLATES, LE ROLE DES TECHNOLOGIES DE COMMUNICATION
501 ## - WITH NOTE
-- Paulus - SPICS - Società San Paolo EM (non-commercial uses only)
-- Copyright2015
500 ## - GENERAL NOTE
General note Società Commutativa: Avvento dell'Uomo Spettrale. Comunicazione e Trasporto al Servizio della Comunicazione Urbana. Dialettica Delle Reti e del Territorio. Anamorfosi dei Territori. Società Commutativa.
650 ## - SUBJECT ADDED ENTRY--TOPICAL TERM
Topical term or geographic name as entry element COMUNICAZIONE
Form subdivision PUBBLICAZIONE PERIODICA
942 ## - ADDED ENTRY ELEMENTS (KOHA)
Koha item type RIVISTA
Dati di copia
Withdrawn status Lost status Damaged status Not for loan Home library Current library Date acquired Total Checkouts Full call number Date last seen Price effective from Koha item type Public note
    Buone Condizioni Not For Loan SPICS-MEDIATECA SPICS-MEDIATECA 25/11/2015   R144/E4729 25/11/2015 25/11/2015 RIVISTA Progr. Ins: 61942 / Copia rara: NO / date import: 25.11.2015 / By Epidotti, Trombetti, Vaglietti
CREDITS: SOCIETA' SAN PAOLO Via A.Severo, 58 - ROMA (RM) & PERIODICI SAN PAOLO SRL Via Giotto, 36 MILANO & CISF Via Giotto, 36 MILANO & EDIZIONI SAN PAOLO SRL,  Piazza Soncino, 5 CINISELLO BALSAMO (MI) -- ITALY